লোডিং...

Colloidal and surface chemistry /

গ্রন্থ-পঞ্জীর বিবরন
প্রধান লেখক: Satake, M.
বিন্যাস: Printed Book
ভাষা:English
প্রকাশিত: New Delhi : Discovery publishing , 1996.
বিষয়গুলি:
LEADER 00645cam a2200205ua 4500
008 051209s1996 g b000 u eng u
020 |a 81-7141-330-7  |c R 400 
044 |a   
082 1 4 |a 541.345 N6 
100 1 |a Satake, M. 
245 0 0 |a Colloidal and surface chemistry /   |h Textual Documents 
260 |a New Delhi : Discovery publishing ,   |c 1996. 
300 |a  ;  
365 |a R 400 
650 0 |a Chemistry 
650 0 |a Colloid chemistry 
650 0 |a Surface chemistry 
942 |c BK 
999 |c 104824  |d 104824 
952 |0 0  |1 0  |4 0  |6 541_345000000000000_N6  |7 0  |9 99471  |a SCS  |b SCS  |d 2014-06-26  |h R 400  |l 0  |o 541.345 N6  |p SCS02035  |r 2014-06-26  |w 2014-06-26  |y BK